| 000 | 00580nam a22002057a 4500 | ||
|---|---|---|---|
| 003 | OSt | ||
| 005 | 20160209195113.0 | ||
| 008 | 160209b xxu||||| |||| 00| 0 eng d | ||
| 020 | _a0077098641 | ||
| 040 | _cDDC. | ||
| 082 | _a003BEN 2002 | ||
| 100 |
_aBennett,Simon;McRobb,Steve;Farmer,Ray; _96762 |
||
| 245 | _aobject-Oriented Systems Analysis and Design using UML. | ||
| 250 | _a2nd ed. | ||
| 260 |
_aLondon. _bMc Graw-Hill. _c2002. |
||
| 300 |
_axviii,612p; _bill; _c26cm |
||
| 504 | _aincludes glossary and index. | ||
| 650 |
_aSystems Analysis. _9449 |
||
| 942 |
_2ddc _cSLOAN |
||
| 999 |
_c3020 _d3020 |
||